Statistics for U.S. Presidents from Virginia

Click here to take the quiz!

General Stats

  • This quiz has been taken 22 times
    (16 since last reset)
  • The average score is 7 of 8

Answer Stats

HintAnswer% Correct
The capital of the US is named after himGeorge Washington
100%
Designed and lived in a plantation house called MonticelloThomas Jefferson
100%
The shortest president; he was only 5'4James Madison
89%
"Era of Good Feelings"James Monroe
89%
Died a month into his first termWilliam Henry Harrison
89%
Led the US through World War IWoodrow Wilson
89%
The above's vice presidentJohn Tyler
78%
Hero of the Mexican-American WarZachary Taylor
67%

Score Distribution

Percentile by Number Answered

Percent of People with Each Score

Your Score History

You have not taken this quiz since the last reset